Pan en el desierto /

Estudio sobre los salmos, a manera de notas personales sobre el salterio, desde la perspectiva de un monje, dentro de la tradición monástica, pero pensando en todas las personas que quieran profundizar en el significado de los salmos como poemas religiosos y compendios de la teología del Antiguo Tes...

Ful tanımlama

Kaydedildi:
Detaylı Bibliyografya
Yazar: Merton, Thomas (autor)
Materyal Türü: Kitap
Dil:İspanyolca
Edisyon:2a edición
Konular:
Etiketler: Etiketle
Etiket eklenmemiş, İlk siz ekleyin!

MARC

LEADER 00000nam^a2200000^a^4500
001 000378854
005 20250521000000.0
009 20260310120510.765
037 |a Acervo ITESO - Biblioteca 
041 |a ESP 
082 |a 223. 206  |b MER 
100 |a Merton, Thomas  |e (autor) 
245 1 0 |a Pan en el desierto /  |c T. Merton ; tr. de Gonzalo Meneses Ocón. 
250 |a 2a edición 
264 |a Buenos Aires, Argentina :  |b Editorial Sudamericana,  |c 1962 
336 |a texto  |b txt  |2 rdacontenido 
337 |a sin mediación  |b n  |2 rdamedio 
338 |a volumen  |b nc  |2 rdasoporte 
500 |a Traducción de: Bread in the Wilderness 
520 |a Estudio sobre los salmos, a manera de notas personales sobre el salterio, desde la perspectiva de un monje, dentro de la tradición monástica, pero pensando en todas las personas que quieran profundizar en el significado de los salmos como poemas religiosos y compendios de la teología del Antiguo Testamento, así como orar con ellos. 
649 |a XX 
650 |a Oración (Religión) 
650 |a Contemplación 
650 |a Poesía Religiosa 
650 |a Biblia -  |x Antiguo Testamento -  |x Libros Poéticos y Sapienciales -  |x Salmos -  |x Historia y Crítica -  |x Tema Principal 
650 |a Teología 
650 |a Catolicismo 
650 |a Cristianismo 
650 |a Religión 
910 |a Fondo General 
920 |a Impresos - Libros 
930 |a Colección General 
905 |a 101 
901 |a 0500274062  |b IT1  |c ACC  |i D77794  |u 20250521 
902 |a https://opac.biblio.iteso.mx/vufind/Record/000378854